Регионална библиотека "Любен Каравелов" - Русе

Bohémélet = La Bohéme (Запис номер 525567)

MARC детайли
000 -Лидер
Лидер 01111njm a2200277 a 4500
003 - Код на организацията, давaща контролен номер
Код на организацията, даваща контролен номер BLK
005 - Дата и час на последна редакция
Дата и час на последна редакция 20250123100620.0
007 - Фиксирано поле за физическо описани
Физическо описание sd bmmalaaahaa
008 - Елементи от данни с фиксирана дължина
Елементи с фиксирана дължина 221104b bu |||||s|||| 00| | bu d
028 ## - PUBLISHER NUMBER
Издателски номер LPX 11503
040 ## - Източник на каталожния запис
Код на библиотеката BLK
041 ## - Код за език
Език на записа Унгарски
Език за КДБФ Други
080 ## - УДК
УДК текст Камерна вок. муз. Песни, балади, арии, романси
УДК код 784.3
УДК – определител (086.72)
УДК – код + определител 784.3(086.72)
100 1# - Редна дума - Автор
R(LIN) 21794
Автор Puccini, Giacomo
245 ## - Сведения за заглавието
Заглавие Bohémélet = La Bohéme
Авторска отговорност The Budapest Philharmonic Orchestra, Giacomo Puccini
260 ## - Област на издателските данни
Място на издаване Budapest
Име на издателя Hungaroton
Година на издаване 1970
9 (RLIN) 215466
300 ## - Физическа характеристика
Брой страници 1 грамофонна плоча, двустранна
Илюстрации 33 об/мин, стерео
Размер 30 см
380 ## - Жанр
Жанр Изкуство
500 ## - Общи забележки
Обща забележка Jelenet, Rodolphe Áriája, Mimi Áriája És Kettős (I. Felv.) <br/>Musette Keringője (II. Felv.) <br/>Rodolfo És Marcello Kettőse (IV. Felv.) <br/>Jelenet És Kvartett (III. Felv.) <br/>Kabátária És Finale (IV. Felv.)
653 ## - Ключова дума – ненормативна
9 (RLIN) 192849
Ключови думи оперни арии
852 ## - Местоположение
Сигнатура (форматна) Ф ІІ 6931
Отдел Хранилище
856 ## - Електронен адрес и достъп
Инструкция (цена за достъп) 0.00
Права за достъп disable
942 ## - АРТИКУЛИ
Вид на библиотечния документ Грамофонни плочи
Скрит в OPAC Не
944 ## - СЪЗДАВАНЕ И РЕДАКЦИЯ на ЗАПИСА
Дата на регистрацията/редакция Нора Радева
Служител, извършил регистрацията/редакцията 30545
Създаване/Редакция
Статус, дата на статуса Нора Радева
999 ## - СИСТЕМНИ КОНТРОЛНИ НОМЕРА
Koha biblionumber 525567
Koha biblioitemnumber 525567
999 ## - СИСТЕМНИ КОНТРОЛНИ НОМЕРА
Koha biblioitemnumber 525070
Наличности
Код за отписване Код за изгубен артикул Източник на класификационната схема Код за повреда Коз за рестрикции Код за отдаване Артикулен № Име на библиотеката - собственик Име на библиотеката, в която се намира в момента Статус (Текущо местоположение) Дата на вписване в системата Местоположение - отдел Цена в лева Инвентарен номер Систематично азбучна сигнатура Баркод Цена в евро Служебен тип на артикула
  Не е изгубен Universal Decimal Classification Не е повреден само за читалня ползва се в читалня 959076 Регионална библиотека "Любен Каравелов" Русе Регионална библиотека "Любен Каравелов" Русе Хранилище 2025-01-23 Основен фонд - ползва се само за читалня 6.00 16313 Ф ІІ 6931 900000112716 3.07 Грамофонни плочи
Vip Innovations Ltd, Rousse, Bulgaria 2025